| 000 | 01029nam a2200289 i 4500 | ||
|---|---|---|---|
| 001 | 18032 | ||
| 003 | ES-MaACL | ||
| 005 | 20230906151737.0 | ||
| 007 | t| | ||
| 008 | 010731s1991 sp ||||0| spa d | ||
| 016 | 7 | _zCEN920157743 | |
| 020 | _a84-249-1462-7 | ||
| 040 |
_aM-BN _bspa _cCEN |
||
| 080 | _a398.9 | ||
| 245 | 0 | 0 |
_aDichos de los siete sabios de Grecia _b: sentencias morales en verso / _cedición, estudio y materiales por Alvaro Galmés de Fuentes. |
| 260 |
_aMadrid : _bGredos, _cD.L. 1991. |
||
| 300 |
_a182 p. ; _c19 cm. |
||
| 490 | 1 |
_aColección de literatura española aljamiado-morisca ; _v8 |
|
| 500 | _aGlosario : p. 101-113. | ||
| 500 | _aPrecede al tít. : Literatura gnómica. | ||
| 504 | _aBibliografía : p. 151-174. | ||
| 650 | 4 |
_aRefranes y proverbios- _vObras anteriores a 1800. _916730 |
|
| 700 | 1 |
_aGalmés de Fuentes, Alvaro. _953660 |
|
| 830 | 0 |
_aColección de literatura española aljamiado-morisca ; _v8 _9180235 |
|
| 852 |
_aES-MaACL _jL-24755 _bR.130069 |
||
| 999 |
_c18032 _d18032 |
||